| 000 | 00380nam a22001457a 4500 | ||
|---|---|---|---|
| 003 | SGT | ||
| 020 | _a9780323476911 | ||
| 082 |
_a617.525 _bC16J |
||
| 100 | _a Jeffrey D. Bennett | ||
| 245 | _aCoagulopathy | ||
| 260 |
_a Philadelphia, United States _bElsevier - Health Sciences Division _c2016 |
||
| 300 | _a443-575 | ||
| 650 | _aOral and Maxillofacial Surgery | ||
| 942 |
_2ddc _cBK |
||
| 999 |
_c18328 _d18328 |
||